| 000 | 00793nam a2200277 4500 | ||
|---|---|---|---|
| 001 | 25056 | ||
| 003 | BD-RjUL | ||
| 005 | 20211209050826.0 | ||
| 008 | 730410t19701968enkb 000 0 eng d | ||
| 020 | _a0370104692 | ||
| 035 | _a(BD-RjUL)25125 | ||
| 040 |
_aDLC _cDLC _dDLC _dBD-RjUL _beng |
||
| 041 | _aeng | ||
| 082 | 0 | 0 |
_a956.04 _bDOA 1970 |
| 100 | 1 |
_aDouglas-Home, Charles, _d1937- _977076 |
|
| 245 | 1 | 4 |
_aThe Arabs and Israel : _ba background book / _cCharles Douglas-Home. |
| 250 | _aRevised ed. | ||
| 260 |
_aLondon : _bBodley Head, _cc1968 [1970]. |
||
| 300 |
_a127 p. : _bmaps. _c19 cm. |
||
| 490 | 0 | _aA Background book | |
| 650 | 0 |
_aJewish-Arab relations. _977077 |
|
| 651 | 0 |
_aIsrael _xHistory. _977078 |
|
| 942 |
_2ddc _cBK |
||
| 999 |
_c25056 _d25056 |
||